Pakistan Transition From Military To Civilian Rule (Record no. 344208)
[ view plain ]
| 000 -LEADER | |
|---|---|
| fixed length control field | 00438 a2200157 4500 |
| 003 - CONTROL NUMBER IDENTIFIER | |
| control field | OSt |
| 005 - DATE AND TIME OF LATEST TRANSACTION | |
| control field | 20180116182707.0 |
| 008 - FIXED-LENGTH DATA ELEMENTS--GENERAL INFORMATION | |
| fixed length control field | 160506b xxu||||| |||| 00| 0 eng d |
| 040 ## - CATALOGING SOURCE | |
| Transcribing agency | 0 |
| 100 ## - MAIN ENTRY--PERSONAL NAME | |
| Personal name | Golam W Choudhury. |
| 245 ## - TITLE STATEMENT | |
| Title | Pakistan Transition From Military To Civilian Rule |
| Statement of responsibility, etc. | Golam W Choudhury. |
| 260 ## - PUBLICATION, DISTRIBUTION, ETC. | |
| Place of publication, distribution, etc. | Scorpion |
| Date of publication, distribution, etc. | 1998. |
| 600 ## - SUBJECT ADDED ENTRY--PERSONAL NAME | |
| Personal name | Golam W Choudhury. |
| 700 ## - ADDED ENTRY--PERSONAL NAME | |
| Personal name | Golam W Choudhury. |
| 942 ## - ADDED ENTRY ELEMENTS (KOHA) | |
| Institution code [OBSOLETE] | NBS |
| Koha item type | Book |
| Call number prefix | 954.91 CHO |
| Source of classification or shelving scheme | |
| Withdrawn status | Lost status | Damaged status | Not for loan | Permanent Location | Current Location | Date acquired | Total Checkouts | Full call number | Barcode | Date last seen | Date last checked out | Price effective from | Koha item type |
|---|---|---|---|---|---|---|---|---|---|---|---|---|---|
| Central Library (CL) | Central Library (CL) | 08/28/2013 | 1 | 954.91 CHO | NBS1875 | 05/26/2025 | 08/28/2017 | 08/28/2013 | Book |
